مشروع الرياضيات المدرسية / (Record no. 66121)

MARC details
000 -LEADER
fixed length control field 00502nam a22001697a 4500
005 - DATE AND TIME OF LATEST TRANSACTION
control field 20251108171927.0
008 - FIXED-LENGTH DATA ELEMENTS--GENERAL INFORMATION
fixed length control field 250721s1986 xx 000 0 ara d
082 14 - DEWEY DECIMAL CLASSIFICATION NUMBER
Classification number ط/510/مشر
100 1# - MAIN ENTRY--PERSONAL NAME
Personal name بدر، سالم
Relator term ترجمة
245 10 - TITLE STATEMENT
Title مشروع الرياضيات المدرسية /
264 1# - PRODUCTION, PUBLICATION, DISTRIBUTION, MANUFACTURE, AND COPYRIGHT NOTICE
Place of production, publication, distribution, manufacture عمان :
Name of producer, publisher, distributor, manufacturer الجمعية العلمية الملكية،
Date of production, publication, distribution, manufacture, or copyright notice 1986.
300 ## - PHYSICAL DESCRIPTION
Extent مج
650 17 - SUBJECT ADDED ENTRY--TOPICAL TERM
Topical term or geographic name as entry element الرياضيات
700 1# - ADDED ENTRY--PERSONAL NAME
Personal name عثمان، فهمي
942 ## - ADDED ENTRY ELEMENTS (KOHA)
Source of classification or shelving scheme Dewey Decimal Classification
Koha item type Books
Holdings
حالة السحب حالة الفقدان مصدر التصنيف حالة التلف غير قابل للإعارة المكتبة الرئيسية المكتبة الحالية موقع الرف تاريخ التزويد الرقم المتسلسل Total Checkouts رقم الإستدعاء تاريخ آخر ظهور تاريخ الفاتورة نوع المادة (كوها)
    Dewey Decimal Classification Unchecked   مكتبة الجويدة مكتبة الجويدة الأطفال 06/07/2004 107   ط/510/مشر 28/07/2025 06/07/2004 Books
    Dewey Decimal Classification Unchecked   مكتبة الجويدة مكتبة الجويدة الأطفال 06/07/2004 108   ط/510/مشر 28/07/2025 06/07/2004 Books
    Dewey Decimal Classification Unchecked   مكتبة الجويدة مكتبة الجويدة الأطفال 06/07/2004 109   ط/510/مشر 28/07/2025 06/07/2004 Books
    Dewey Decimal Classification Unchecked   مكتبة الجويدة مكتبة الجويدة الأطفال 06/07/2004 110   ط/510/مشر 28/07/2025 06/07/2004 Books
Implemented & Customized by: BBB with SCIT (Smart Chains for Information Technology)

Powered by Koha